Estructuras de la mente: la teoría de las múltiples inteligencias

Պահպանված է:
Մատենագիտական մանրամասներ
Հիմնական հեղինակ: Gardner, Howard (Հեղինակ)
Ձևաչափ: Գիրք
Լեզու:իսպաներեն
Հրապարակվել է: Ciudad de México Fondo de Cultura Económica 1987
Հրատարակություն:1a. ed
Շարք:Biblioteca de Psicología y Psicoanálisis
Խորագրեր:
Ցուցիչներ: Ավելացրեք ցուցիչ
Չկան պիտակներ, Եղեք առաջինը, ով նշում է այս գրառումը!

MARC

LEADER 00000nam a2200000 a 4500
001 UCG6528
003 CL-VaPUC
008 110428e19870000MX |||||||||||||||||spa|d
020 |a 9681626273 
082 0 4 |a 153  |b GAR  |2 21 
100 |a Gardner, Howard  |e author  |9 245668 
245 1 0 |a Estructuras de la mente: la teoría de las múltiples inteligencias 
250 |a 1a. ed 
300 |a 430 p 
942 |c BK 
945 |d 20110428 00:00:00  |a jcampos 
260 |a Ciudad de México  |b Fondo de Cultura Económica  |c 1987 
650 0 |a Inteligencia  |9 267038 
650 0 |a Mente  |9 330838 
650 0 |a Lingüística  |9 265068 
650 0 |a Cerebro   |9 307262 
650 0 |a Lógica  |9 256849 
650 0 |a Socialización  |9 309940 
583 |a last modification  |c 20110428 00:00:00  |k Rodrigo Vera 
490 0 |a Biblioteca de Psicología y Psicoanálisis 
999 |c 344731  |d 344729 
952 |0 0  |1 0  |4 0  |6 153_000000000000000_GAR_1987  |7 0  |8 A  |9 442889  |a BIBEDU  |b BIBEDU  |d 2019-11-22  |i 4771036  |o 153 GAR 1987  |p 4771036  |r 2019-11-22  |w 2019-11-22  |y BK  |k EPE